00183nam a2200073 4500100002100000245003700021260002600058650002500084 aKariyawasam,G.C. aNanoparticles for Drug Dilivery aColombobIchemcc2016 a Drug Diliverya2016